| 000 | 01147cam a2200349 a 4500 | ||
|---|---|---|---|
| 001 | 5953 | ||
| 003 | FISKH | ||
| 005 | 20250211092455.0 | ||
| 008 | 991214s2000 nyua c 000 1 eng | ||
| 010 | _a 99087893 | ||
| 020 | _a0689835744 (pbk.) | ||
| 020 | _a0689835744 | ||
| 040 |
_aDLC _cDLC _dDLC _beng |
||
| 050 | _aPZ7.C62475 S | ||
| 082 | _a823.914 | ||
| 100 | 1 |
_aClover, Peter _d(1952-) |
|
| 245 | 1 | 0 |
_aSheltie the Shetland pony / _cwritten and illustrated by Peter Clover. |
| 250 | _aThis edition first published in 2000 | ||
| 260 |
_aNew York : _bAladdin Paperbacks, _c1996. |
||
| 300 |
_a93 pages : _billustrations ; _c20 cm. |
||
| 490 | 1 |
_aSheltie ; _v#1 |
|
| 505 | _aL | ||
| 520 | _aEmma is dubious about moving to the country until she meets Sheltie, a very clever Shetland pony who solves the mystery of who is stealing a neighbor's cabbages. | ||
| 521 | 8 |
_a510
_bLexile |
|
| 521 | 8 |
_aL
_bRaz-Plus |
|
| 650 | 1 |
_aShetland pony _vFiction. |
|
| 650 | 1 |
_aPonies _vFiction. |
|
| 700 |
_aClover, Peter _dillustrator |
||
| 906 |
_a7 _bcbc _corignew _d1 _eocip _f19 _gy-gencatlg |
||
| 942 |
_2ddc _cBK _n0 |
||
| 999 |
_c5953 _d5953 |
||